| 000 | 00370nam a22001337a 4500 | ||
|---|---|---|---|
| 020 | _a9781559633833 | ||
| 040 | _cnust | ||
| 082 |
_a333.91 _bHIN |
||
| 100 |
_aHinrichsen Don _979567 |
||
| 245 |
_aCoastal Waters of the World _bTrends, Threats, and strategies |
||
| 260 |
_aUSA: _bIsland Press, _c1998. |
||
| 650 |
_aCoastal Waters of the World _9122631 |
||
| 942 |
_2ddc _cBK |
||
| 999 |
_c609090 _d609090 |
||